《儿童情绪管理与性格培养绘本(全10册)》: (Record no. 10036)

MARC details
000 -LEADER
fixed length control field 00865nam a22001937a 4500
001 - CONTROL NUMBER
control field 10036
003 - CONTROL NUMBER IDENTIFIER
control field FISKH
005 - DATE AND TIME OF LATEST TRANSACTION
control field 20260401101600.0
008 - FIXED-LENGTH DATA ELEMENTS--GENERAL INFORMATION
fixed length control field 260331b cb ||||| |||| 00| 0 eng d
020 ## - INTERNATIONAL STANDARD BOOK NUMBER
International Standard Book Number 9787552547443
040 ## - CATALOGING SOURCE
Original cataloging agency FISKH
Language of cataloging chi
Transcribing agency FISKH
Modifying agency FISKH
082 ## - DEWEY DECIMAL CLASSIFICATION NUMBER
Classification number 155.4
100 ## - MAIN ENTRY--PERSONAL NAME
Personal name 欣金星文化 编
245 ## - TITLE STATEMENT
Title 《儿童情绪管理与性格培养绘本(全10册)》:
Statement of responsibility, etc. 欣金星文化 编
Remainder of title Dad , I am the best /
300 ## - PHYSICAL DESCRIPTION
Extent 31 pages :
Other physical details color illustrations ;
Dimensions 22 cm .
520 ## - SUMMARY, ETC.
Summary, etc. 这是一套关于儿童情绪管理与品格培养的绘本,共10册。通过简单有趣的故事,帮助孩子学会控制情绪、培养良好习惯,并提升人际交往能力。内容涵盖礼貌、勇敢、分享、责任感等主题,同时配有中英双语阅读和音频,适合早期教育。
942 ## - ADDED ENTRY ELEMENTS (KOHA)
Source of classification or shelving scheme Dewey Decimal Classification
Koha item type Chinese Book
Suppress in OPAC No
Holdings
Withdrawn status Lost status Source of classification or shelving scheme Damaged status Not for loan Collection Home library Current library Shelving location Date acquired Total Checkouts Full call number Barcode Date last seen Price effective from Koha item type
    Dewey Decimal Classification     Reference Footprints International School Library Network Toul Tom Poung Campus Footprints International School Library Network Toul Tom Poung Campus Librarian's Shelf TTP 03/31/2026   欣金星文化 编 155.4 2026-0415 03/31/2026 03/31/2026 Books